000 00708nam a2200205 i 4500
001 190133
003 ES-MaACL
005 20250811031522.0
008 200731s1847 sp |||| | spa d
080 _a342.518(460)(060.13)
080 _a351.95(460)
110 1 _aEspaña.
_bConsejo Real
_9170228
245 1 0 _aReglamento sobre el modo de proceder el Consejo Real en los negocios contenciosos de la Administración.
260 _aMadrid :
_b[s.n.],
_c1847 (
_fImp. Nacional)
300 _a58 p. ;
_c21 cm.
610 1 7 _aEspaña.
_bConsejo Real
_2
_9170228
650 4 _aProcedimiento contencioso administrativo-
_zEspaña.
_916424
852 4 _aES-MaACL
_jT-140-F-9
999 _c190133
_d190133